The bill of wrongs (Record no. 68636)

MARC details
000 -LEADER
fixed length control field 01225cam a2200241 4500
001 - CONTROL NUMBER
control field ABS64730
008 - FIXED-LENGTH DATA ELEMENTS--GENERAL INFORMATION
fixed length control field 011023n2001 000 0 eng u
035 ## - SYSTEM CONTROL NUMBER
System control number (Sirsi) u115251
100 ## - MAIN ENTRY--PERSONAL NAME
Personal name Dowden, M
245 #4 - TITLE STATEMENT
Title The bill of wrongs
260 ## - PUBLICATION, DISTRIBUTION, ETC.
Date of publication, distribution, etc. 2001
490 ## - SERIES STATEMENT
Series statement Estates Gazette
Volume/sequential designation (0141) 13 October 2001, 180(1)
520 ## - SUMMARY, ETC.
Summary, etc. Discusses the e-conveyancing provisions in the Land Registration Bill. Argues that the bill was drafted too quickly which has security and credibility implications for e-conveyancing. To address the problem of written authority being required before contracts can be concluded electronically, the bill contains deeming provisions which should avoid delay. Article examines the fraud implications of this solution and considers how defrauded sellers may turn to the Human Rights Act 1998. Concludes that practitioners are unlikely to trust the deeming provisions and calls for this part of the bill to be revised.
590 ## - LOCAL NOTE (RLIN)
Local note ABS
650 ## - SUBJECT ADDED ENTRY--TOPICAL TERM
Topical term or geographic name entry element LAND REGISTRATION BILL
650 ## - SUBJECT ADDED ENTRY--TOPICAL TERM
Topical term or geographic name entry element ECONVEYANCING
650 ## - SUBJECT ADDED ENTRY--TOPICAL TERM
Topical term or geographic name entry element PROPERTY TRANSACTIONS
650 ## - SUBJECT ADDED ENTRY--TOPICAL TERM
Topical term or geographic name entry element FRAUD
650 ## - SUBJECT ADDED ENTRY--TOPICAL TERM
Topical term or geographic name entry element HUMAN RIGHTS ACT 1998
650 ## - SUBJECT ADDED ENTRY--TOPICAL TERM
Topical term or geographic name entry element E-SIGNATURES
690 ## - LOCAL SUBJECT ADDED ENTRY--TOPICAL TERM (OCLC, RLIN)
Topical term or geographic name as entry element PROPERTY AND LAND LAW-CONVEYANCING
942 ## - ADDED ENTRY ELEMENTS (KOHA)
Suppress in OPAC 0
Holdings
Withdrawn status Lost status Source of classification or shelving scheme Damaged status Not for loan Home library Current library Shelving location Date acquired Total Checkouts Full call number Barcode Date last seen Copy number Price effective from Koha item type
    Dewey Decimal Classification     London London Journal article 23/10/2001   ABS64730 115251-1001 06/08/2019 1 06/08/2019 Journal article